000 00587 a2200193 4500
020 _a0-89006-644-2 ;
040 _aDLC
_bDLC
082 _a005.1
082 _a005.1
100 1 _aRaynus, Joseph
245 0 0 _aSoftware process improvement with CMM
_cJoseph Raynus
260 _aBoston, Mass. :
_bArtech House,
_ccop. 1999
300 _axxiii, 198 s. :
_bill.
440 4 _aThe Artech House computer science library,
650 7 _aComputer software
_xDevelopment
650 7 _aCapability maturity model (Computer software)
650 7 _aSystemutveckling
942 _cBK
_k005.1 RAY
_2ddc
999 _c5741
_d5741